000 00635nam a2200181 a 4500
008 120416s1998 ||||||||||||||||| || u
020 _a0716730502
050 _aQA 9 Wol
100 _aWolf, Robert S
245 1 0 _aProof, logic, and conjecture
246 _athe mathematician`s toolbox
260 _aNew York
_bW.H. Freeman
_c1998
350 _a0.00
650 _aLOGIC, SYMBOLIC AND MATHEMATICAL
650 0 _aMATHEMATICS--HANDBOOKS, MANUALS, ETC
650 _aSET THEORY
995 _D0.00
_FCBU-MAIN LIBRARY (Kitwe)
_H1
_I30.00
_M1
_UAVAILABLE
_ZMain Library Open Access Collection
999 _c55098
_d55098